| 000 | 00000nam 2200000za 4500 |
| 001 | 9.696332 |
| 003 | CaOODSP |
| 005 | 20210624235002 |
| 007 | cr ||||||||||| |
| 008 | 150407s2002 onc|||||o f|0| 0 eng d |
| 040 | |aCaOODSP|beng |
| 043 | |an-cn--- |
| 086 | 1 |aT46-18/2002E-PDF |
| 110 | 1 |aCanada.|bTransport Canada. |bRoad Safety and Motor Vehicle Regulation Directorate. |
| 245 | 10|aRiding on air |h[electronic resource] : |bcritical safety information for you and your tires. |
| 250 | |aRev. 2002 |
| 260 | |aOttawa : |bTransport Canada, |cc1989. |
| 300 | |a12 p. : |billus., photographs. |
| 500 | |aThe catalogue number (T46-18/2002E) and ISBN (0-662-31615-0) for the print edition have been incorrectly copied in this electronic publication. |
| 520 | 3 |aRiding on Air is a Transport Canada document that outlines critical safety information for you and your tires. Not only is proper tire inflation critical to the safe operation of your vehicle, but it also improves fuel economy. The Rubber Association of Canada (RAC), one of more than 40 trade associations participating in CIPEC, recommends getting in the habit of taking five minutes every month to check your tires, including the spare. |
| 590 | |a12-27-Supp|b2012-06-12 |
| 690 | 07|aAutomobiles|2gcpds |
| 690 | 07|aRoad safety|2gcpds |
| 690 | 07|aSafety|2gcpds |
| 775 | 08|tRouler sur l'air |w(CaOODSP)9.640448 |
| 776 | 0#|tRiding on air : |w(CaOODSP)9.648459 |
| 794 | |tRiding on air |w(CaOODSP)9.686741 |
| 856 | 40|ahttp://publications.gc.ca|qPDF|s336 KB|uhttps://publications.gc.ca/collections/Collection/T46-18-2002E.pdf |
| 986 | |aTP 2823 E |